Mayors of Newark by Picture - Statistics

General Stats
  • This quiz has been taken 3 times
  • The average score is 11 of 30
Answer Stats
Picture Hint Answer % Correct
2006-2013 Cory Booker
67%
2014-Present Ras Baraka
67%
1986-2006 Sharpe James
67%
1836-1837 William Halsey
67%
1917-1921 Charles P. Gillen
33%
1870-1874 Frederick William Ricord
33%
1876-1880 Henry J. Yates
33%
1882-1884 Henry Lang
33%
1903-1907 Henry Meade Doremus
33%
1962-1970 Hugh Joseph Addonizio
33%
1907-1915 Jacob Haussling
33%
1851-1854 James M. Quinby
33%
1896-1903 James M. Seymour
33%
1884-1894 Joseph Emmett Haynes
33%
1894-1896 Julius A. Lebkuecher
33%
1970-1986 Kenneth A. Gibson
33%
1953-1961 Leo P. Carlin
33%
2013-2014 Luis A. Quintana
33%
1933-1941 Meyer C. Ellenstein
33%
1857-1864 Moses Bigelow
33%
1874-1876 Nehemiah Perry
33%
1949-1953 Ralph A. Villani
33%
1837-1838 Theodore Frelinghuysen
33%
1864-1866 Theodore Runyon
33%
1866-1870 Thomas Baldwin Peddie
33%
1915-1917 | 1925-1928 Thomas Lynch Raymond Jr.
33%
1941-1949 Vincent J. Murphy
33%
1880-1882 William HF Fielder
33%
1841-1843 William Wright
33%
1854-1857 Horace J. Pointer
0%
No matching quizzes found
Score Distribution
Percent of People with Each Score
Percentile by Number Answered
Your Score History
You have not taken this quiz